Primi 15 paesi interessati da Covid-19 - 11 novembre - Statistics

Statistiche generali
  • Questo quiz è stato fatto 3 volte
  • Il punteggio medio è 11 su 25
Statistiche sulle risposte
paese % Corretto
Brasile
100%
Francia
100%
Germania
100%
Italia
100%
Messico
100%
Regno Unito
100%
Russia
100%
Spagna
100%
Stati Uniti
100%
Argentina
67%
Belgio
67%
India
67%
Svizzera
33%
Armenia
0%
Bahrain
0%
Cechia
0%
Cile
0%
Colombia
0%
Iran
0%
Israele
0%
Kuwait
0%
Panama
0%
Perù
0%
Qatar
0%
Sudafrica
0%
Nessun quiz corrispondente trovato
Distribuzione punteggi
Percentuale di utenti per punteggio
Percentile per numero di risposta
I tuoi punteggi nel tempo
Non hai fatto questo quiz